000
00370nam a2200181Ia 4500
003
IT-RoPAU
008
120407s9999 xx 000 0 und d
040
_a
IT-RoPAU
040
_c
IT-RoPAU
100
_a
F. Prat
245
_a
La Théologie de Saint Paul
250
_a
Paris
260
_a
Beauchesne
300
_c
cm
490
_v
2
942
_c
BK
999
_c
1185
_d
1185